Tunnista lintulaji kuvasta 1 - Statistics

Yleistilastot
  • Tätä visaa on pelattu 310 kertaa
  • Keskiarvotulos 11 / 15
Vastaustilastot
Kuvavisa Vastaus % Oikein
Punatulkku
98%
Korppi
92%
Kyhmyjoutsen
88%
Sinitiainen
84%
Palokärki
83%
Kuovi
79%
Haarapääsky
78%
Kalalokki
77%
Tilhi
77%
Kuikka
73%
Riekko
70%
Sepelkyyhky
69%
Hiirihaukka
55%
Avosetti
31%
Rautiainen
29%
Ehtoja vastaavia visoja ei löytynyt
Tulosjakauma
Jokaisen tuloksen saaneiden osuus
Persentiili vastausten määrän mukaan
Tuloshistoriasi
Et ole pelannut tätä visaa